00454 a2200145 4500010001400000020002300014035001300037037001500050082001100065245006400076260005400140270007200194300002600266700001600292 aENG-89625 a818965229Xc600.00 aEN-73158 bDBAD / PUB14a230.351 aGreat women saints of modern India/ccompiled by K.V. Singh aDelhibVista International Publishing Housec2006 aV-196, Near Shiv Sadhna Mandir, C-11, Yamuna Vihar,cDelhie110 053 avi, 226p.c22cm. (Hb) aSingh, K.V.